Loading...

Circuit theory

Bibliografiske detaljer
Hovedforfatter: Iyer, T S K V
Format: Printed Book
Udgivet: Tata McGraw Hill Publishing Co. Ltd., New Delhi 1988
Fag:
LEADER 00528nam a2200193 4500
020 |a 0074516817  |c 60 
082 |a 621.31921 IYE-C 
100 |a Iyer, T S K V 
245 |a Circuit theory 
250
260 |a Tata McGraw Hill Publishing Co. Ltd., New Delhi  |c 1988 
300 |a 520 
490
500
590 |a rvr  |c 60 
650 |a Electric circuits 
942 |c BK 
999 |c 81971  |d 81971 
952 |0 0  |1 0  |4 0  |6 621_319210000000000_IYEC  |7 0  |9 95439  |a PHY  |b PHY  |g 60.00  |l 0  |o 621.31921 IYE-C  |p PHY03650  |r 2019-09-24  |w 2019-09-24  |y BK